[Event "Old West Shoot-out"]
[Site "SchemingMind.com"]
[Date "2014.05.20"]
[Round "-"]
[White "alexyongpohweng"]
[Black "kenneth m day"]
[Result "0-1"]
[WhiteCountry "MAS"]
[BlackCountry "USA"]
[WhiteElo "1251"]
[WhiteRD "46"]
[BlackElo "1753"]
[BlackRD "49"]
[GameID "358592"]

1. e4 e5 2. f4 exf4 3. d3 Qh4+ 4. Ke2 Nc6 5. c3 d6 6. h3 Bg4+ 7. Nf3 g5 8. Qe1 Bxf3+ 9. gxf3 Qxe1+ 10. Kxe1 Ne5
11. Nd2 O-O-O 12. Bg2 Nxd3+ 13. Ke2 Ne5 14. b3 Bg7 15. h4 h6 16. hxg5 hxg5 17. Nc4 Rxh1 18. Bxh1 Nxc4 19. bxc4 Bxc3 20. Rb1 Nf6
21. Rb3 Bd4 22. Bg2 Rh8 23. Rd3 c5 24. Ke1 Rh2 25. Kf1 Nh5 26. Ba3 Ng3+
0-1

[Event "Old West Shoot-out"]
[Site "SchemingMind.com"]
[Date "2014.05.19"]
[Round "-"]
[White "kenneth m day"]
[Black "alexyongpohweng"]
[Result "1-0"]
[WhiteCountry "USA"]
[BlackCountry "MAS"]
[WhiteElo "1753"]
[WhiteRD "49"]
[BlackElo "1251"]
[BlackRD "46"]
[GameID "358593"]

1. e4 e5 2. f4 exf4 3. Nf3 Nf6 4. e5 Nd5 5. Nc3 Nxc3 6. dxc3 d6 7. Bxf4 d5 8. Qd2 Nc6 9. O-O-O Be6 10. Bb5 a6
11. Ba4 b5 12. Bb3 a5 13. Bxd5 Bxd5 14. Qxd5 Qxd5 15. Rxd5 Ne7 16. Rxb5 Nc6 17. Rd1 Rc8 18. Rbd5 Be7 19. Bg5 Bxg5+ 20. Nxg5 O-O
21. R1d3 h6 22. Ne4 f5 23. Nc5 Rfe8 24. e6 Re7 25. Rxf5 Nb8 26. b4 axb4 27. cxb4 Nc6 28. a3 Kh7 29. c3 Nd8 30. Rd7 Rxd7
31. exd7 Ra8 32. a4 Ra7 33. Rf8 Ra8 34. a5 Kg6 35. a6 Kh7 36. b5
1-0

[Event "Old West Shoot-out"]
[Site "SchemingMind.com"]
[Date "2014.05.21"]
[Round "-"]
[White "alexyongpohweng"]
[Black "Phillip Beckett"]
[Result "0-1"]
[WhiteCountry "MAS"]
[BlackCountry "ENG"]
[WhiteElo "1294"]
[WhiteRD "47"]
[BlackElo "1562"]
[BlackRD "48"]
[GameID "358637"]

1. e4 e5 2. f4 Qh4+ 3. g3 Qe7 4. f5 d5 5. exd5 Bxf5 6. Be2 c6 7. dxc6 Nxc6 8. d3 O-O-O 9. Nf3 e4 10. Nfd2 exd3
11. cxd3 Bxd3 12. Nc3 Nd4 13. h4 Bc2
0-1

[Event "Old West Shoot-out"]
[Site "SchemingMind.com"]
[Date "2014.05.21"]
[Round "-"]
[White "Phillip Beckett"]
[Black "alexyongpohweng"]
[Result "1-0"]
[WhiteCountry "ENG"]
[BlackCountry "MAS"]
[WhiteElo "1553"]
[WhiteRD "48"]
[BlackElo "1240"]
[BlackRD "45"]
[GameID "358638"]

1. e4 e5 2. f4 exf4 3. Nf3 Nf6 4. e5 Nd5 5. Bc4 c6 6. d4 b5 7. Bb3 a5 8. c4 bxc4 9. Bxc4 Ba6 10. Bxa6 Nxa6
11. Nc3 Nxc3 12. bxc3 c5 13. O-O d6 14. exd6 Qxd6 15. Re1+ Be7 16. Qe2 cxd4 17. cxd4 Ra7 18. Qb5+ Qd7 19. Qxd7+ Rxd7 20. Bxf4 O-O
21. Rxe7 Rxe7 22. Bd6 Rfe8 23. Bxe7 Rxe7 24. Kf2 Nb4 25. a3 Nd5 26. Rb1 g6 27. Ne5 Nc3 28. Rb8+ Kg7 29. Ra8 a4 30. Nc6 Re2+
31. Kf3 Ra2 32. Ra7 Rxa3 33. Kf2 Nd5 34. Ne5 Ra2+ 35. Kg3 Re2 36. Nxf7 Kf6 37. Ne5 Ra2 38. Ng4+ Ke6 39. Rxh7 Rc2 40. Ne5 Kf6
41. Rf7+ Ke6 42. Ra7 Rc3+ 43. Kh4 a3 44. Ra6+ Kf5 45. g4+ Kf4 46. Ra8 Ke4 47. Nxg6 Kxd4 48. Ra4+ Kc5 49. Ne5 Nb6 50. Ra6 Kb5
51. Ra7 Na4 52. Rb7+ Ka6 53. Rb1 Rc2 54. h3 Rb2 55. Ra1 a2 56. Nc4 Rb1 57. Rxa2 Kb5 58. Ne3 Kb4 59. Nd5+ Kb3 60. Rf2 Rd1
61. Nf6 Rd6 62. g5 Rd4+ 63. Ng4 Re4 64. Kh5 Re8 65. g6 Rg8 66. Nh6 Rg7 67. Rf7 Rxf7 68. gxf7
1-0

[Event "Old West Shoot-out"]
[Site "SchemingMind.com"]
[Date "2014.05.20"]
[Round "-"]
[White "Phillip Beckett"]
[Black "kenneth m day"]
[Result "0-1"]
[WhiteCountry "ENG"]
[BlackCountry "USA"]
[WhiteElo "1560"]
[WhiteRD "47"]
[BlackElo "1753"]
[BlackRD "49"]
[GameID "358639"]

1. e4 e5 2. f4 exf4 3. Nf3 g5 4. Bc4 Bg7 5. O-O Nc6 6. d4 d6 7. c3 h6 8. Qb3 Qe7 9. e5 Na5 10. Qa4+ Nc6
11. exd6 Qxd6 12. Re1+ Ne7 13. Ne5 Bxe5 14. dxe5 Qc5+ 15. Kh1 Be6 16. Bxe6 fxe6 17. b4 b5 18. bxc5 bxa4 19. Na3 Rb8 20. c4 a6
21. Rb1 Rb4 22. Bd2 Rxb1 23. Rxb1 Kf7 24. Rb7 Rc8 25. Bc3 Ng6 26. Nc2 Ngxe5 27. Nd4 Nxd4 28. Bxd4 Nxc4 29. Ra7 e5 30. Bc3 e4
31. Rxa6 c6 32. Kg1 e3 33. Ra7+ Kg6 34. Rxa4 Rd8 35. h4 Rd1+ 36. Kh2 Nd2 37. hxg5 hxg5 38. Ra6 Kh5 39. Rxc6 e2 40. Bxd2 Rxd2
41. Re6 Rxa2 42. c6 f3 43. gxf3 e1=Q+
0-1

[Event "Old West Shoot-out"]
[Site "SchemingMind.com"]
[Date "2014.05.20"]
[Round "-"]
[White "kenneth m day"]
[Black "Phillip Beckett"]
[Result "1-0"]
[WhiteCountry "USA"]
[BlackCountry "ENG"]
[WhiteElo "1757"]
[WhiteRD "49"]
[BlackElo "1562"]
[BlackRD "48"]
[GameID "358640"]

1. e4 e5 2. f4 Qh4+ 3. g3 Qe7 4. d3 exf4 5. Bxf4 d5 6. Nc3 dxe4 7. dxe4 Nf6 8. Bg2 c6 9. Nge2 Bg4 10. Qd3 Nbd7
11. O-O-O O-O-O 12. h3 Bxe2 13. Qxe2 Nc5 14. h4 Nfxe4 15. Bh3+ Rd7 16. Bxd7+ Nxd7 17. Qxe4 Qxe4 18. Nxe4
1-0

[Event "Old West Shoot-out"]
[Site "SchemingMind.com"]
[Date "2014.05.22"]
[Round "-"]
[White "alexyongpohweng"]
[Black "ray winteringham"]
[Result "0-1"]
[WhiteCountry "MAS"]
[BlackCountry "ENG"]
[WhiteElo "1251"]
[WhiteRD "46"]
[BlackElo "1526"]
[BlackRD "50"]
[GameID "358724"]

1. e4 e5 2. f4 exf4 3. d3 Qh4+ 4. Ke2 Bc5 5. Nf3 Qf6 6. d4 Bb6 7. Qd2 Ne7 8. Qxf4 Qe6 9. Be3 d5 10. exd5 Qxd5
11. c3 O-O
0-1

[Event "Old West Shoot-out"]
[Site "SchemingMind.com"]
[Date "2014.05.22"]
[Round "-"]
[White "ray winteringham"]
[Black "alexyongpohweng"]
[Result "1-0"]
[WhiteCountry "ENG"]
[BlackCountry "MAS"]
[WhiteElo "1526"]
[WhiteRD "50"]
[BlackElo "1251"]
[BlackRD "46"]
[GameID "358725"]

1. e4 e5 2. f4 exf4 3. Nf3 Nf6 4. Bc4 Nxe4 5. Bxf7+ Kxf7 6. Ne5+ Ke8 7. O-O Qg5 8. Nf3 Qf6 9. d3 Nd6 10. Nc3 Be7
11. Nd5
1-0

[Event "Old West Shoot-out"]
[Site "SchemingMind.com"]
[Date "2014.05.21"]
[Round "-"]
[White "Phillip Beckett"]
[Black "ray winteringham"]
[Result "0-1"]
[WhiteCountry "ENG"]
[BlackCountry "ENG"]
[WhiteElo "1562"]
[WhiteRD "48"]
[BlackElo "1452"]
[BlackRD "50"]
[GameID "358728"]

1. e4 e5 2. f4 exf4 3. Nf3 d6 4. Bc4 Be6 5. Bb3 Bxb3 6. axb3 Qf6 7. d4 g5 8. O-O Bg7 9. e5 Qh6 10. exd6 cxd6
11. Re1+ Ne7 12. Nc3 O-O 13. Rxe7 g4 14. Nd2 Bxd4+ 15. Kh1 g3 16. Qg4+ Kh8 17. Nf3 Rg8 18. Qf5 Nc6 19. Rxf7 Ne5 20. Nxe5 Qxh2#
0-1

[Event "Old West Shoot-out"]
[Site "SchemingMind.com"]
[Date "2014.05.21"]
[Round "-"]
[White "ray winteringham"]
[Black "Phillip Beckett"]
[Result "0-1"]
[WhiteCountry "ENG"]
[BlackCountry "ENG"]
[WhiteElo "1452"]
[WhiteRD "50"]
[BlackElo "1562"]
[BlackRD "48"]
[GameID "358729"]

1. e4 e5 2. f4 Qh4+ 3. g3 Qe7 4. Bc4 exf4 5. Nf3 Qxe4+ 6. Qe2 Qxe2+ 7. Bxe2 fxg3 8. hxg3 Nf6 9. d4 d6 10. Bg5 Be7
11. Nbd2 h6 12. Be3 Nc6 13. O-O-O Bg4 14. c3 O-O-O 15. d5 Bxf3 16. Bxf3 Ne5 17. Bg2 Nfg4 18. Rde1 Nxe3 19. Rxe3 Bg5 20. Re2 Nc4
21. Rf1 Nxd2 22. Rxd2 Bxd2+ 23. Kxd2 Rhf8 24. Kd3 Rde8 25. a4 Re7 26. Kc4 f5 27. g4 Ref7 28. gxf5 Kd8 29. Bh3 g6
0-1

[Event "Old West Shoot-out"]
[Site "SchemingMind.com"]
[Date "2014.05.21"]
[Round "-"]
[White "kenneth m day"]
[Black "ray winteringham"]
[Result "1-0"]
[WhiteCountry "USA"]
[BlackCountry "ENG"]
[WhiteElo "1757"]
[WhiteRD "49"]
[BlackElo "1452"]
[BlackRD "50"]
[GameID "358730"]

1. e4 e5 2. f4 exf4 3. Nf3 d6 4. d4 g5 5. g3 Qf6 6. Nc3 fxg3 7. Bxg5 Qg7 8. hxg3 Bg4 9. Bh4 Bxf3 10. Qxf3 Qxd4
11. Rd1 Qg7 12. Bg2 c6 13. O-O Nh6 14. Bh3 Nd7 15. Bxd7+ Kxd7 16. Bf6 Qg4 17. Bxh8
1-0

[Event "Old West Shoot-out"]
[Site "SchemingMind.com"]
[Date "2014.05.22"]
[Round "-"]
[White "ray winteringham"]
[Black "kenneth m day"]
[Result "0-1"]
[WhiteCountry "ENG"]
[BlackCountry "USA"]
[WhiteElo "1526"]
[WhiteRD "50"]
[BlackElo "1753"]
[BlackRD "49"]
[GameID "358731"]

1. e4 e5 2. f4 exf4 3. Nf3 g5 4. h3 Nc6 5. Bc4 Bg7 6. O-O d6 7. h4 h6 8. d4 Bg4 9. Nbd2 Nxd4 10. Bxf7+ Kxf7
11. Nxg5+ hxg5 12. Qxg4 Rxh4 13. Qd1 Nf6 14. c3 Ne6 15. Nf3 Qh8 16. Nxh4 Qxh4 17. Rf3 Nxe4 18. Qd3 Ng3 19. Kf2 Rh8 20. Bd2 Qg4
21. Re1 Rh2 22. Rg1 Qh4 23. a3 g4 24. Qf5+ Nxf5+
0-1

[Event "Old West Shoot-out"]
[Site "SchemingMind.com"]
[Date "2014.05.22"]
[Round "-"]
[White "Kid A"]
[Black "alexyongpohweng"]
[Result "1-0"]
[WhiteCountry "FIN"]
[BlackCountry "MAS"]
[WhiteElo "1953"]
[WhiteRD "61"]
[BlackElo "1251"]
[BlackRD "46"]
[GameID "358756"]

1. e4 e5 2. f4 exf4 3. Nf3 Nf6 4. Nc3 Bb4 5. d3 Bxc3+ 6. bxc3 O-O 7. Bxf4 Nc6 8. Be2 b6 9. O-O Bb7 10. d4 Nxe4
11. Bd3 Nxc3 12. Bxh7+ Kxh7 13. Qd3+ Ne4 14. Ng5+ Kg8 15. Qxe4 f5 16. Qd5+ Kh8 17. Rf3 g6 18. Rh3+
1-0

[Event "Old West Shoot-out"]
[Site "SchemingMind.com"]
[Date "2014.05.22"]
[Round "-"]
[White "Kid A"]
[Black "Phillip Beckett"]
[Result "1-0"]
[WhiteCountry "FIN"]
[BlackCountry "ENG"]
[WhiteElo "1880"]
[WhiteRD "74"]
[BlackElo "1562"]
[BlackRD "48"]
[GameID "358760"]

1. e4 e5 2. f4 Qh4+ 3. g3 Qe7 4. Nc3 exf4 5. d4 fxg3 6. Bf4 d5 7. Nxd5 Qxe4+ 8. Qe2 Qxe2+ 9. Nxe2 Na6 10. Nec3 c6
11. Bxa6 cxd5 12. Bb5+ Bd7 13. Bxd7+ Kxd7 14. Nxd5 Bd6 15. hxg3 Bxf4 16. Nxf4 Re8+ 17. Kd2 f6 18. Ng6 hxg6 19. Rxh8 Ne7 20. Rxe8 Kxe8
21. Re1 Kd7 22. c4 Nf5 23. Kd3 Nxg3 24. Rg1 Nf5 25. Rxg6 Ke6 26. Rg4 g5 27. Re4+ Kd6 28. b4 a6 29. d5 Ng7 30. Re2 f5
31. Kd4 g4 32. c5+ Kd7 33. Ke5 Ke7 34. d6+
1-0

[Event "Old West Shoot-out"]
[Site "SchemingMind.com"]
[Date "2014.05.22"]
[Round "-"]
[White "Phillip Beckett"]
[Black "Kid A"]
[Result "1/2-1/2"]
[WhiteCountry "ENG"]
[BlackCountry "FIN"]
[WhiteElo "1562"]
[WhiteRD "48"]
[BlackElo "1880"]
[BlackRD "74"]
[GameID "358761"]

1. e4 e5 2. f4 exf4 3. Nf3 Be7 4. Bc4 d6 5. d4 Bg4 6. O-O Nc6 7. c3 Nf6 8. Bxf4 Nxe4 9. Qe2 d5 10. Bd3 Nf6
11. Nbd2 O-O 12. h3 Bh5 13. Qf2 h6 14. Ne5 Nxe5 15. Bxe5 Bg6 16. Bxg6 fxg6 17. Qe2 Kh8 18. Rae1 Nh5 19. Rxf8+ Bxf8 20. Qd3 Qg5
21. Nf3 Qf5 22. Qxf5 gxf5 23. Bxc7 Nf6 24. Ne5 Ne4 25. Ng6+ Kh7 26. Nxf8+ Rxf8 27. Be5 g5 28. Re2 Kg6 29. g3 a6 30. Kg2 b5
31. a3 Rc8 32. Kf3 Rf8 33. Kg2 Rf7=
1/2-1/2

[Event "Old West Shoot-out"]
[Site "SchemingMind.com"]
[Date "2014.05.22"]
[Round "-"]
[White "Kid A"]
[Black "kenneth m day"]
[Result "1-0"]
[WhiteCountry "FIN"]
[BlackCountry "USA"]
[WhiteElo "1953"]
[WhiteRD "61"]
[BlackElo "1753"]
[BlackRD "49"]
[GameID "358762"]

1. e4 e5 2. f4 exf4 3. Nf3 g5 4. Bc4 Nc6 5. d4 Bg7 6. c3 d6 7. O-O h6 8. Qb3 Qe7 9. d5 Ne5 10. Nxe5 Bxe5
11. Bb5+ Bd7 12. Bxd7+ Qxd7 13. Qxb7 Qd8 14. Qc6+ Ke7 15. Nd2 Nf6 16. Qc4 Qd7 17. Nf3 g4 18. Nxe5 dxe5 19. Bxf4 exf4 20. e5 Nxd5
21. Qc5+ Ke6 22. Rad1 c6 23. c4 Rhd8 24. cxd5+ cxd5 25. Rxf4 Kxe5 26. Qd4+ Ke6 27. Qf6#
1-0

[Event "Old West Shoot-out"]
[Site "SchemingMind.com"]
[Date "2014.05.22"]
[Round "-"]
[White "kenneth m day"]
[Black "Kid A"]
[Result "1-0"]
[WhiteCountry "USA"]
[BlackCountry "FIN"]
[WhiteElo "1757"]
[WhiteRD "49"]
[BlackElo "1880"]
[BlackRD "74"]
[GameID "358763"]

1. e4 e5 2. f4 d5 3. exd5 c6 4. Nc3 exf4 5. Nf3 Nf6 6. d4 Bd6 7. Qe2+ Kd7 8. Ne5+ Bxe5 9. dxe5 Re8 10. Bxf4 cxd5
11. O-O-O Kc7 12. exf6+
1-0

[Event "Old West Shoot-out"]
[Site "SchemingMind.com"]
[Date "2014.05.22"]
[Round "-"]
[White "Kid A"]
[Black "ray winteringham"]
[Result "1-0"]
[WhiteCountry "FIN"]
[BlackCountry "ENG"]
[WhiteElo "1880"]
[WhiteRD "74"]
[BlackElo "1452"]
[BlackRD "50"]
[GameID "358764"]

1. e4 e5 2. f4 exf4 3. Nf3 g5 4. Bc4 Bg7 5. d4 d6 6. O-O Be6 7. d5 Bd7 8. Qe2 Qe7 9. Nc3 Bxc3 10. bxc3 Nf6
11. Nxg5 c6 12. dxc6 Nxc6 13. Bxf7+ Kd8 14. Bc4 Kc7 15. Bxf4 Rae8 16. Rad1 Ne5 17. Bxe5 dxe5 18. Qf2 Nh5 19. Qxa7 Qxg5 20. Rxd7+ Kc8
21. Qxb7#
1-0

[Event "Old West Shoot-out"]
[Site "SchemingMind.com"]
[Date "2014.05.22"]
[Round "-"]
[White "ray winteringham"]
[Black "Kid A"]
[Result "0-1"]
[WhiteCountry "ENG"]
[BlackCountry "FIN"]
[WhiteElo "1452"]
[WhiteRD "50"]
[BlackElo "1880"]
[BlackRD "74"]
[GameID "358765"]

1. e4 e5 2. f4 d5 3. exd5 e4 4. g3 Nf6 5. Qe2 Bg4 6. Qg2 Bc5 7. Be2 O-O 8. Nc3 Re8 9. Bxg4 Nxg4 10. Nge2 Bf2+
11. Kd1 Bb6 12. Nxe4 Rxe4 13. Qf3 Nf6 14. d3 Qxd5 15. c4 Qd7 16. Kc2 Re8 17. Qxb7 Rxe2+ 18. Bd2 Qc6 19. Qc8+ Re8 20. Rhe1 Rxc8
0-1

[Event "Old West Shoot-out"]
[Site "SchemingMind.com"]
[Date "2014.05.27"]
[Round "-"]
[White "Kid A"]
[Black "David Hartley"]
[Result "1-0"]
[WhiteCountry "FIN"]
[BlackCountry "ENG"]
[WhiteElo "1953"]
[WhiteRD "61"]
[BlackElo "1800"]
[BlackRD "62"]
[GameID "358792"]

1. e4 e5 2. f4 exf4 3. Nf3 Be7 4. Bc4 Nf6 5. Nc3 d6 6. d4 Bg4 7. Bxf4 O-O 8. O-O Nh5 9. Be3 Nc6 10. Nd5 Rc8
11. Qd2 Nf6 12. Nxe7+ Nxe7 13. Bd3 Ng6 14. e5 Ne8 15. Ng5 Qe7 16. Qb4 c5 17. dxc5 dxc5 18. Qxg4 Nc7 19. Qh5 h6 20. Nxf7 Rxf7
21. Bxg6
1-0

[Event "Old West Shoot-out"]
[Site "SchemingMind.com"]
[Date "2014.05.27"]
[Round "-"]
[White "David Hartley"]
[Black "Kid A"]
[Result "0-1"]
[WhiteCountry "ENG"]
[BlackCountry "FIN"]
[WhiteElo "1800"]
[WhiteRD "62"]
[BlackElo "1953"]
[BlackRD "61"]
[GameID "358793"]

1. e4 e5 2. f4 exf4 3. Nf3 g5 4. h4 g4 5. Ne5 Nf6 6. Nxg4 d6 7. Nf2 Rg8 8. d3 Bh6 9. Nd2 Nc6 10. Nf3 Qe7
11. Qe2 Ne5 12. Bd2 Bd7 13. O-O-O O-O-O 14. Nh3 Nh5 15. Be1 Ng4 16. Bf2 Ne3 17. Re1 Bg4 18. Kb1 d5 19. exd5 Rxd5 20. Qd2 f6
21. Rg1 Bxf3 22. gxf3 Rxg1 23. Nxg1 Ng3 24. Bxe3 fxe3 25. Qg2 Qe5 26. Ne2 Nxe2 27. Bxe2 Rd8 28. Rg1 f5 29. Qh3 Bg7 30. Rf1 Qxb2#
0-1

[Event "Old West Shoot-out"]
[Site "SchemingMind.com"]
[Date "2014.05.28"]
[Round "-"]
[White "alexyongpohweng"]
[Black "David Hartley"]
[Result "0-1"]
[WhiteCountry "MAS"]
[BlackCountry "ENG"]
[WhiteElo "1251"]
[WhiteRD "46"]
[BlackElo "1800"]
[BlackRD "62"]
[GameID "358794"]

1. e4 e5 2. f4 exf4 3. d3 d5 4. Bxf4 dxe4 5. dxe4 Qxd1+ 6. Kxd1 c6 7. Bxb8 Rxb8 8. Nf3 Bg4 9. Be2 Bd6 10. Nc3 Ne7
11. e5 Bc7 12. Nd2 Bxe2+ 13. Kxe2 Ng6 14. Nce4 Nxe5 15. Nc5 O-O 16. Rhf1 Rfe8 17. Kd1 b6 18. Nd3 Ng4 19. Nf3 Ne3+
0-1

[Event "Old West Shoot-out"]
[Site "SchemingMind.com"]
[Date "2014.05.27"]
[Round "-"]
[White "David Hartley"]
[Black "alexyongpohweng"]
[Result "1-0"]
[WhiteCountry "ENG"]
[BlackCountry "MAS"]
[WhiteElo "1800"]
[WhiteRD "62"]
[BlackElo "1251"]
[BlackRD "46"]
[GameID "358795"]

1. e4 e5 2. f4 exf4 3. Nf3 Nf6 4. d3 h6 5. Bxf4 Be7 6. Be2 O-O 7. O-O Nc6 8. Qe1 Nb4 9. Qd2 d6 10. Qxb4 c5
11. Qd2 b6 12. Nc3 a6 13. Rf2 Bb7 14. Raf1 b5 15. Ne1 b4 16. Nd1 a5 17. Rf3 Nh5 18. Bxh6 gxh6 19. Qxh6 Bxe4 20. dxe4 Bg5
21. Qxh5 Kg7 22. Rxf7+ Rxf7 23. Rxf7+
1-0

[Event "Old West Shoot-out"]
[Site "SchemingMind.com"]
[Date "2014.05.27"]
[Round "-"]
[White "David Hartley"]
[Black "Phillip Beckett"]
[Result "1/2-1/2"]
[WhiteCountry "ENG"]
[BlackCountry "ENG"]
[WhiteElo "1800"]
[WhiteRD "62"]
[BlackElo "1560"]
[BlackRD "47"]
[GameID "358798"]

1. e4 e5 2. f4 Qh4+ 3. g3 Qe7 4. d3 exf4 5. gxf4 d5 6. Qe2 dxe4 7. Qxe4 Qxe4+ 8. dxe4 Bg4 9. Be2 Bxe2 10. Nxe2 Nf6
11. e5 Ne4 12. Nbc3 Nxc3 13. Nxc3 c6 14. a3 Nd7 15. Be3 Bc5 16. Bxc5 Nxc5 17. O-O-O Rd8 18. Rxd8+ Kxd8 19. Rd1+ Kc7 20. Rd2 Rd8
21. Rxd8=
1/2-1/2

[Event "Old West Shoot-out"]
[Site "SchemingMind.com"]
[Date "2014.05.27"]
[Round "-"]
[White "Phillip Beckett"]
[Black "David Hartley"]
[Result "0-1"]
[WhiteCountry "ENG"]
[BlackCountry "ENG"]
[WhiteElo "1560"]
[WhiteRD "47"]
[BlackElo "1800"]
[BlackRD "62"]
[GameID "358799"]

1. e4 e5 2. f4 exf4 3. Nf3 Be7 4. Bc4 Nf6 5. e5 Ng4 6. O-O Nc6 7. d4 d5 8. exd6 Qxd6 9. c3 Bd7 10. Qb3 Rf8
11. Ne5 Ngxe5 12. dxe5 Qxe5 13. Bxf4 Qc5+ 14. Kh1 Na5 15. Bxf7+ Rxf7 16. Qc2 g5
0-1

[Event "Old West Shoot-out"]
[Site "SchemingMind.com"]
[Date "2014.05.27"]
[Round "-"]
[White "David Hartley"]
[Black "kenneth m day"]
[Result "1-0"]
[WhiteCountry "ENG"]
[BlackCountry "USA"]
[WhiteElo "1845"]
[WhiteRD "62"]
[BlackElo "1708"]
[BlackRD "50"]
[GameID "358800"]

1. e4 e5 2. f4 exf4 3. Nf3 g5 4. h4 g4 5. Ne5 d6 6. Nxg4 Nf6 7. Nxf6+ Qxf6 8. d3 Nc6 9. Nc3 Be6 10. Qf3 Nd4
11. Qf2 Bh6 12. g3 O-O-O 13. gxf4 c5 14. Be3 Rhg8 15. O-O-O Bg4 16. Be2 Nxe2+ 17. Nxe2 Bxe2 18. Qxe2 Bxf4 19. Rdf1 Bxe3+ 20. Qxe3 Qe6
21. b3 Rdf8 22. Rhg1 Rxg1 23. Qxg1 f6 24. Rf5 Rg8 25. Qf2 Rg6 26. Qf4 Kd7 27. h5 Rg1+ 28. Kb2 b5 29. Rxf6 Rg4 30. Qf5 Qxf5
31. Rxf5 Ke7 32. b4 a6 33. bxc5 dxc5 34. Rxc5 Kd6 35. Rd5+ Kc6 36. Rf5 Rg7 37. Rf6+ Kb7 38. Rh6 Rf7 39. e5 Re7 40. d4 Rd7
41. c3 Re7 42. e6 Kc6 43. Kb3 Kd6 44. Kb4 Rxe6 45. Rxh7 Kd5 46. h6 Ke4 47. Kc5 Kf5 48. d5 Re5 49. Kc6 Kg6 50. Rh8 Re7
51. d6
1-0

[Event "Old West Shoot-out"]
[Site "SchemingMind.com"]
[Date "2014.05.27"]
[Round "-"]
[White "kenneth m day"]
[Black "David Hartley"]
[Result "1-0"]
[WhiteCountry "USA"]
[BlackCountry "ENG"]
[WhiteElo "1753"]
[WhiteRD "49"]
[BlackElo "1800"]
[BlackRD "62"]
[GameID "358801"]

1. e4 e5 2. f4 exf4 3. Nf3 Be7 4. Bc4 Nf6 5. Nc3 Nc6 6. d4 d6 7. Bxf4 Bg4 8. O-O Qd7 9. e5 dxe5 10. dxe5 Nh5
11. Qxd7+ Bxd7 12. Be3 g6 13. Nd5 Rc8 14. Bh6 Bf8 15. Bg5 Bc5+ 16. Kh1 O-O 17. g4 Ng7 18. Nf6+
1-0

[Event "Old West Shoot-out"]
[Site "SchemingMind.com"]
[Date "2014.05.27"]
[Round "-"]
[White "David Hartley"]
[Black "ray winteringham"]
[Result "1-0"]
[WhiteCountry "ENG"]
[BlackCountry "ENG"]
[WhiteElo "1800"]
[WhiteRD "62"]
[BlackElo "1526"]
[BlackRD "50"]
[GameID "358802"]

1. e4 e5 2. f4 exf4 3. Nf3 Bc5 4. d4 Bb6 5. Bxf4 Qf6 6. g3 d6 7. Nc3 Bg4 8. Nd5 Qg6 9. Qd3 Bxd4 10. Nxd4 Nf6
11. Nxc7+
1-0

[Event "Old West Shoot-out"]
[Site "SchemingMind.com"]
[Date "2014.05.27"]
[Round "-"]
[White "ray winteringham"]
[Black "David Hartley"]
[Result "0-1"]
[WhiteCountry "ENG"]
[BlackCountry "ENG"]
[WhiteElo "1526"]
[WhiteRD "50"]
[BlackElo "1800"]
[BlackRD "62"]
[GameID "358803"]

1. e4 e5 2. f4 exf4 3. Nf3 Be7 4. Bc4 Nf6 5. Bxf7+ Kxf7 6. O-O d6 7. d4 Ke8 8. Bxf4 Bg4 9. h3 Bh5 10. g4 Bg6
11. Bg5 Bxe4 12. Qe2 d5 13. Nc3 c6 14. Ne5 Nbd7 15. Bxf6 gxf6 16. Nxd7 Kxd7 17. Nxe4 dxe4 18. Qxe4 Qf8 19. Rae1 Re8 20. Qf5+ Kc7
21. g5 Rg8 22. Kh1 Rg6 23. h4 Qg7 24. Re6 fxg5 25. Rxg6 hxg6 26. Qa5+ Kb8 27. Re1 gxh4
0-1